000 00850nam a2200205Ia 4500
001 11184
003 GE_BSU
008 181216s||||||||xx |||||||||||||| ||und||
040 _cGE_BSU
080 _a811.353.1(038)
100 _aЦерцвадзе,И.И.
245 _aСловарь русских словосочетаний о зависимой управляемой формой и их грузинских эквивалентов.
245 _cРед:Розенталь Д.Э. Кавтарадзе И.И.
260 _aТбилиси
260 _bТбилисского ун-та.
260 _c1980.
300 _a707стр,22см.
653 _aСловарь русских словосочетаний о зависимой управляемой формой и их грузинских эквивалентов.
942 _cBK
999 _c44418
_d44418